| 000 | 00661nam a22002057a 4500 | ||
|---|---|---|---|
| 008 | 081106t xxu||||| |||| 00| 0 eng d | ||
| 010 | _aENG-91519 | ||
| 020 |
_c130.00 _a9788189840334 |
||
| 035 | _aEN-75052 | ||
| 037 | _bDBAD / PUB | ||
| 040 |
_adpl _bEnglish |
||
| 082 | _a530 | ||
| 100 | _aAustine, A. | ||
| 245 |
_aFundamentals of physics / _cby A. Austine |
||
| 260 |
_aErode _bPallavi Pathippagam _c2008 |
||
| 300 |
_a92p. _c28cm (pbk) |
||
| 650 | _aPhysics | ||
| 942 |
_2ddc _cEN _mAUS _h530 |
||
| 999 |
_c18099 _d18099 |
||